External Adjustment and the Strong Yen : Recent Japanese Experience.

The parameters of a conventional model of Japan's current account were found to be stable in the period of the steeply rising yen between the fourth quarter of 1985 and the end of 1987. This suggests that Japan's current account has been adjusting to the strengthening yen in accordance wit...

Deskribapen osoa

Xehetasun bibliografikoak
Erakunde egilea: International Monetary Fund
Formatua: Aldizkaria
Hizkuntza:English
Argitaratua: Washington, D.C. : International Monetary Fund, 1988.
Saila:IMF Working Papers; Working Paper ; No. 1988/075
Sarrera elektronikoa:Full text available on IMF
LEADER 01642cas a2200241 a 4500
001 AALejournalIMF010025
008 230101c9999 xx r poo 0 0eng d
020 |c 5.00 USD 
020 |z 9781451957273 
022 |a 1018-5941 
040 |a BD-DhAAL  |c BD-DhAAL 
110 2 |a International Monetary Fund. 
245 1 0 |a External Adjustment and the Strong Yen :   |b Recent Japanese Experience. 
264 1 |a Washington, D.C. :  |b International Monetary Fund,  |c 1988. 
300 |a 1 online resource (42 pages) 
490 1 |a IMF Working Papers 
500 |a <strong>Off-Campus Access:</strong> No User ID or Password Required 
500 |a <strong>On-Campus Access:</strong> No User ID or Password Required 
506 |a Electronic access restricted to authorized BRAC University faculty, staff and students 
520 3 |a The parameters of a conventional model of Japan's current account were found to be stable in the period of the steeply rising yen between the fourth quarter of 1985 and the end of 1987. This suggests that Japan's current account has been adjusting to the strengthening yen in accordance with established historical relationships-a conclusion that is substantiated by the model's reasonably accurate tracking of the current account in this period. Furthermore, simulations of the model show that the rise in the yen has already made a substantial contribution to correcting Japan's external imbalance. 
538 |a Mode of access: Internet 
830 0 |a IMF Working Papers; Working Paper ;  |v No. 1988/075 
856 4 0 |z Full text available on IMF  |u http://elibrary.imf.org/view/journals/001/1988/075/001.1988.issue-075-en.xml  |z IMF e-Library